Statistics for Name That Soccer Club

Click here to take the quiz!

General Stats

  • This quiz has been taken 75 times
  • The average score is 8 of 10

Answer Stats

Answer% Correct
Dortmund
94%
Napoli
94%
Galatasaray
87%
Fiorentina
80%
Zenit
75%
Boca Juniors
70%
River Plate
68%
Frankfurt
67%
Red Star
67%
Molde
49%

Score Distribution

Percentile by Number Answered

Percent of People with Each Score

Your Score History

You have not taken this quiz